000 01030cad a22002055a 4500
001 E152709
008 110418e20100429xxk 000 0 eng d
035 _a(Sirsi) u152709
041 0 _aeng
100 1 _aShaw, Murray
245 0 0 _aMediation and the courts in Scotland
_h[electronic resource]
260 _c2010
490 _aBiggart Baillie Ideas and Insights
_v29 April 2010
520 _aLooks at the use of mediation in Scotland and compares this to the situation in England. Suggests that the use of mediation and other forms of alternative dispute resoluation (ADR) may grow as the Scottish Government promotes ADR as an alternative to litigation.
590 _aKA
651 4 _aScotland
_y1999-
690 _aMANAGEMENT-DISPUTE AVOIDANCE, MANAGEMENT AND RESOLUTION-DISPUTE MANAGEMENT AND RESOLUTION
856 4 0 _uhttps://www.biggartbaillie.co.uk/ideas--insights/all-articles/planning--construction/mediation-and-the-courts-in-scotland.aspx
_zView the article free of charge at www.biggartbaillie.co.uk
942 _n0
999 _c83064
_d83064